000 01117nam a2200229Ia 4500
003 Ost
005 20260416102350.0
008 260416s9999||||xx |||||||||||||| ||und||
040 _cfsecg
041 _aara
082 _a658.15
100 _aبومدين، يوسف
_eمؤلف
245 0 _a التسيير المالي (الادارة المالية) :
_bحول التحليل المالي المتحرك: تحليل جداول التدفقات /
_c يوسف بومدين
260 _aالجزائر
_bجامعة الجزائر3: كلية العلوم الإقتصادية، العلوم التجارية وعلوم التسيير
_c2013
300 _a101 ورقة
_bايضاحات
_c30 سم
504 _aمراجع ص.101
520 _aالاطار النظري لقائمة التدفقات النقدية، تقييم السيولة
653 _aالادارة المالية
653 _aالسيولة النقدية
710 _aجامعة الجزائر3: كلية العلوم الإقتصادية، العلوم التجارية وعلوم التسيير
_eناشر علمي
942 _cHANDOUT
999 _c40963
_d40963